Statistics for US State Capitals That Begin With A Vowel

Click here to take the quiz!

General Stats

  • This quiz has been taken 86 times
  • The average score is 6 of 8

Answer Stats

Answer% Correct
Austin
82%
Augusta
81%
Albany
76%
Indianapolis
73%
Annapolis
71%
Olympia
71%
Atlanta
68%
Oklahoma City
66%

Score Distribution

Percentile by Number Answered

Percent of People with Each Score

Your Score History

You have not taken this quiz